000 00530nam a22001817a 4500
005 20231127091408.0
008 231127b |||||||| |||| 00| 0 eng d
020 _a070210549 X
041 _aAfrikaans
082 _a340.1 STE
100 _aSteyn, LC
_lAfrikaans
245 _aDie Uitleg van Wette /
_cLC Steyn
250 _aVierde Uitgawe
260 _aCape Town :
_bJuta en Kie. Beperk,
_c1974
300 _bxlix, 345 pages ;
_c26 cm.
650 _aLegal practice
_bLaw
942 _cBK
_6ALISON_BN_VRIES
999 _c970
_d970